| 000 | 00726cam a2200193 i 4500 | ||
|---|---|---|---|
| 005 | 20251108174958.0 | ||
| 008 | 250721s2010 xx gr 000 0 ara d | ||
| 082 | 1 | 4 |
_a027.8 _bم ح م |
| 100 | 1 | _aمحمد، هاني | |
| 245 | 1 | 2 |
_aالمكتبات المدرسية الشاملة أو مراكز مصادر التعلم : _bمرشد عملي / _cالدكتور هاني محمد. |
| 250 | _aالطبعة الاولى. | ||
| 264 |
_bالعلم والإيمان للنشر، _c2010. |
||
| 300 | _a255 صفحة. | ||
| 650 | 1 | 7 | _aالمكتبات المدرسية. |
| 650 | 1 | 7 | _aخدمات المكتبة. |
| 650 | 1 | 7 | _aنشاطات المكتبة الموسعة. |
| 942 |
_2ddc _cBK |
||
| 999 |
_c123028 _d123028 |
||